Giáo trình Luật thuế Việt Nam
Trình bày những vấn đề cơ bản về pháp luật thuế; Pháp luật về thuế xuất khẩu, thuế nhập khẩu; thuế tiêu thụ đặc biệt, thuế giá trị gia tăng, thuế thu nhập, thuế đất đai và các loại thuế khác.
Đã lưu trong:
| Tác giả chính: | |
|---|---|
| Định dạng: | Sách |
| Năm xuất bản: |
H.
Công an nhân dân
2012.
|
| Phiên bản: | Tái bản lần thứ 5 |
| Chủ đề: | |
| Tags: |
Thêm thẻ
Không có thẻ, Hãy là người đầu tiên gắn thẻ bản ghi này!
|
| LEADER | 01057nam a2200193 4500 | ||
|---|---|---|---|
| 999 | |c 10681 |d 10681 | ||
| 082 | |a 343.59704 |b Gi108tr. | ||
| 100 | |a Phạm Thị Giang Thu chủ biên | ||
| 245 | |a Giáo trình Luật thuế Việt Nam |c Phạm Thị Giang Thu chủ biên, Nguyễn Thị Ánh Vân, Nguyễn Văn Tuyến, Vũ Văn Cương | ||
| 250 | |a Tái bản lần thứ 5 | ||
| 260 | |a H. |b Công an nhân dân |c 2012. | ||
| 300 | |a 375 tr. |c 21 cm. | ||
| 500 | |a Đầu trang tên sách ghi: Trường Đại học Luật Hà Nội. | ||
| 520 | |a Trình bày những vấn đề cơ bản về pháp luật thuế; Pháp luật về thuế xuất khẩu, thuế nhập khẩu; thuế tiêu thụ đặc biệt, thuế giá trị gia tăng, thuế thu nhập, thuế đất đai và các loại thuế khác. | ||
| 653 | |a Pháp luật | ||
| 653 | |a Việt Nam | ||
| 653 | |a Luật thuế | ||
| 942 | |2 ddc |c SH | ||
| 952 | |0 0 |1 0 |2 ddc |4 0 |6 343_597040000000000_GI108TR |7 0 |8 300 |9 92246 |a qbu |b qbu |c D2 |d 2015-08-29 |g 38000 |o 343.59704 Gi108tr. |p 10534.c1 |r 0000-00-00 |w 2015-08-29 |y SH | ||